00825nam a2200217 a 450000100100000000500170001000800410002702000150006804000250008308200210010810000430012924500870017225000110025926000420027030000410031249000470035383000560040004900090045695201250046599900170059000002646720200930030235.0110318s1976 sp ac r 000 0 spa d a8432929573 aDO-SdBNPbspacBNPHU axxxbG643p, 19761 aGonzález G. Zabaleta, Gerardo95352910aPrevención de accidentes en la construcción /cGerardo González G. Zabaleta. a7a ed. aBarcelona, (España) :bCEAC,c1976. a181, [2] p. :bil., retrs. ;c22 cm.1 aEnciclopedia Ceac de la construcciónv57 0aEnciclopedia Ceac de la construcción ;v57953530 aBNGR 001054708MOaGRbGRcCTd2011-03-18iLF1l0oxxx G643p, 1976p26467-10r2020-06-25w2020-06-25y4ZPréstamo en sala c25959d25959